Văn hóa xã hội cư dân vùng biển tỉnh Bình Thuận
Khái quát địa lý tự nhiên, tài nguyên biển, quá trình hình thành cư dân miền biển tỉnh Bình Thuận. Văn hóa xã hội cư dân miền biển tỉnh Bình Thuận.
Wedi'i Gadw mewn:
| Prif Awdur: | |
|---|---|
| Fformat: | Llyfr |
| Iaith: | Undetermined |
| Cyhoeddwyd: |
Hà Nội
Thanh Niên
2011
|
| Pynciau: | |
| Tagiau: |
Ychwanegu Tag
Dim Tagiau, Byddwch y cyntaf i dagio'r cofnod hwn!
|
| Thư viện lưu trữ: | Trung tâm Học liệu Trường Đại học Cần Thơ |
|---|
| LEADER | 00892nam a2200205Ia 4500 | ||
|---|---|---|---|
| 001 | CTU_170583 | ||
| 008 | 210402s9999 xx 000 0 und d | ||
| 082 | |a 390.0959759 | ||
| 082 | |b Đ312 | ||
| 100 | |a Đình Hy | ||
| 245 | 0 | |a Văn hóa xã hội cư dân vùng biển tỉnh Bình Thuận | |
| 245 | 0 | |c Đình Hy | |
| 260 | |a Hà Nội | ||
| 260 | |b Thanh Niên | ||
| 260 | |c 2011 | ||
| 520 | |a Khái quát địa lý tự nhiên, tài nguyên biển, quá trình hình thành cư dân miền biển tỉnh Bình Thuận. Văn hóa xã hội cư dân miền biển tỉnh Bình Thuận. | ||
| 650 | |a Names, Geographical,Tên, địa lý | ||
| 650 | |z Vietnam,Binh Thuan povince,Việt Nam,Tỉnh Bình Thuận | ||
| 904 | |i Nguyễn Thị Mỹ Trân, Năm | ||
| 980 | |a Trung tâm Học liệu Trường Đại học Cần Thơ | ||